Troy Blacklaws Trivia - Statistics

General Stats
  • This quiz has been taken 30 times
    11 since last reset
  • The average score is 8 of 13
Answer Stats
Hint Answer % Correct
Birth year 1965
86%
Number of years served in the South African Defence Force 2
86%
First published novel Karoo Boy
86%
Current (2022) country of residence Luxembourg
86%
Number of children 3
71%
Current occupation Teacher
71%
Alternative occupation Writer / Author
71%
Favourite Tarantino movie Inglourious Basterds
57%
Coldplay member to review his novel Chris Martin
43%
Most frequently used word Flippant
43%
Province born in KwaZulu-Natal
29%
Birth place (City, Country) Pinetown, South Africa
29%
Aspiring occupation Screenplay writer
0%
No matching quizzes found
Score Distribution
Percent of People with Each Score
Percentile by Number Answered
Your Score History
You have not taken this quiz since the last reset